[Event "XLVI Festival A"]
[Site "Imperia ITA"]
[Date "2004.09.05"]
[Round "1"]
[White "Payen, Arnaud"]
[Black "Gentile, Claudio"]
[WhiteElo "2400"]
[BlackElo "2137"]
[Result "1-0"]
[PlyCount "61"]
[EventDate "2004.09.05"]

1. d4 d5 2. c4 dxc4 3. Nf3 c6 4. g3 Nf6 5. Bg2 Bf5 6. Nc3 Nbd7 7. O-O e6 8. Nh4
Bg6 9. h3 Bh5 10. g4 Nd5 11. e4 Nxc3 12. bxc3 Qxh4 13. gxh5 Qf6 14. Rb1 b5 15.
e5 Qf5 16. Rxb5 cxb5 17. Bxa8 Qxh3 18. Bc6 a6 19. Re1 Qxc3 20. d5 Qh3 21. dxe6
Qxe6 22. Bd5 Qf5 23. e6 Bc5 24. exd7+ Kd8 25. Be3 Bxe3 26. Rxe3 Qxd7 27. Qd4
Rg8 28. Qb6+ Qc7 29. Qxa6 Qc5 30. Qa8+ Qc8 31. Qa5+ 1-0

[Event "XLVI Festival A"]
[Site "Imperia ITA"]
[Date "2004.09.05"]
[Round "1"]
[White "Pisk, Petr"]
[Black "Fossati, Remigio"]
[WhiteElo "2344"]
[BlackElo "2104"]
[Result "1-0"]
[PlyCount "41"]
[EventDate "2004.09.05"]

1. e4 c5 2. Nf3 e6 3. b3 d6 4. Bb2 Nf6 5. e5 dxe5 6. Nxe5 Be7 7. f4 O-O 8. Bd3
b6 9. Qf3 Qd5 10. Qh3 g6 11. Nc3 Qb7 12. O-O a6 13. Rae1 Qc7 14. Ne4 Nxe4 15.
Bxe4 Ra7 16. Ng4 f6 17. Qh4 Qd8 18. Rf3 Qxd2 19. Rh3 Bd8 20. Rd3 g5 21. Qxg5+
1-0

[Event "XLVI Festival A"]
[Site "Imperia ITA"]
[Date "2004.09.05"]
[Round "1"]
[White "Raineri, Valerio"]
[Black "Svacina, Petr"]
[WhiteElo "2197"]
[BlackElo "2046"]
[Result "1-0"]
[PlyCount "55"]
[EventDate "2004.09.05"]

1. e4 e5 2. Nf3 Nc6 3. Bb5 Nd4 4. Nxd4 exd4 5. O-O c6 6. Ba4 Nf6 7. d3 d6 8.
Nd2 Be7 9. f4 O-O 10. Nf3 c5 11. h3 Qa5 12. Bb3 Be6 13. Bxe6 fxe6 14. Ng5 e5
15. Ne6 Rf7 16. f5 d5 17. exd5 Nxd5 18. Qf3 Nb4 19. Qxb7 Re8 20. Bd2 Bg5 21.
Qxf7+ Kxf7 22. Nxg5+ Kg8 23. a3 Qb6 24. axb4 cxb4 25. Ne4 Rc8 26. f6 gxf6 27.
Rxf6 Qb8 28. Rh6 1-0

[Event "XLVI Festival A"]
[Site "Imperia ITA"]
[Date "2004.09.05"]
[Round "1"]
[White "Schwanengel, Ulrich"]
[Black "Vrana, Frantisek"]
[WhiteElo "2074"]
[BlackElo "2275"]
[Result "0-1"]
[PlyCount "30"]
[EventDate "2004.09.05"]

1. e4 b6 2. d4 Bb7 3. Nc3 e6 4. Bd3 Nf6 5. Bg5 h6 6. Bh4 Bb4 7. f3 c5 8. a3
Bxc3+ 9. bxc3 Qc7 10. Ne2 c4 11. e5 cxd3 12. cxd3 Nd5 13. Qd2 Nc6 14. c4 Nde7
15. g4 Nxd4 0-1

[Event "XLVI Festival A"]
[Site "Imperia ITA"]
[Date "2004.09.05"]
[Round "1"]
[White "Spinelli, Doriano"]
[Black "Simacek, Pavel"]
[WhiteElo "2144"]
[BlackElo "2439"]
[Result "0-1"]
[PlyCount "60"]
[EventDate "2004.09.05"]

1. e4 c5 2. Nc3 Nc6 3. g3 g6 4. Bg2 Bg7 5. d3 d6 6. Be3 Nf6 7. h3 Bd7 8. f4 O-O
9. Nge2 Qc8 10. Qd2 b5 11. d4 b4 12. e5 bxc3 13. bxc3 Ne8 14. g4 Rb8 15. Be4
Na5 16. Bd3 Bc6 17. O-O c4 18. Ng3 cxd3 19. cxd3 Ba8 20. c4 Nc6 21. Rac1 dxe5
22. dxe5 Nc7 23. d4 Rd8 24. Qc3 a5 25. f5 a4 26. Ne2 Nb4 27. d5 Nxa2 28. Qd4
Nxc1 29. Rxc1 gxf5 30. Nf4 Ne6 0-1

[Event "XLVI Festival A"]
[Site "Imperia ITA"]
[Date "2004.09.05"]
[Round "1"]
[White "Unterfrauner, Albert"]
[Black "Fornaro, Alberto"]
[WhiteElo "2167"]
[BlackElo "2002"]
[Result "1-0"]
[PlyCount "39"]
[EventDate "2004.09.05"]

1. Nf3 f5 2. g3 Nf6 3. Bg2 g6 4. c4 Bg7 5. Nc3 d6 6. d4 O-O 7. O-O Qe8 8. d5 c6
9. Rb1 Na6 10. dxc6 bxc6 11. Nd4 Bd7 12. b4 Nxb4 13. Rxb4 c5 14. Rb7 cxd4 15.
Nb5 Rc8 16. Qxd4 Bc6 17. Bxc6 Rxc6 18. Qxa7 Rf7 19. Nc7 Qd7 20. Nd5 1-0

[Event "XLVI Festival A"]
[Site "Imperia ITA"]
[Date "2004.09.05"]
[Round "1"]
[White "Van Hoolandt, Patrick"]
[Black "Astengo, Marcello"]
[WhiteElo "2245"]
[BlackElo "2056"]
[Result "1-0"]
[PlyCount "79"]
[EventDate "2004.09.05"]

1. c4 c6 2. d4 d5 3. cxd5 cxd5 4. Nc3 Nf6 5. Nf3 Nc6 6. Bf4 Qb6 7. a3 Bf5 8.
Na4 Qd8 9. Nc5 Qb6 10. Na4 Qd8 11. e3 Ne4 12. Be2 f6 13. Nh4 Be6 14. f3 Nd6 15.
g4 g6 16. Ng2 Bg7 17. Rc1 Bf7 18. Nc5 e5 19. Bg3 Rc8 20. O-O O-O 21. Kh1 Re8
22. Re1 exd4 23. exd4 f5 24. Bxd6 Qxd6 25. gxf5 Nxd4 26. fxg6 Bxg6 27. b4 Qf6
28. Nd3 Rxc1 29. Nxc1 Nc2 30. Rf1 d4 31. Bc4+ Kh8 32. Bd3 Nxa3 33. Qa4 Rc8 34.
Qxa3 Rc3 35. Qb2 Bxd3 36. Nxd3 Rxd3 37. Qe2 Rc3 38. Qe8+ Qf8 39. Re1 d3 40. Qd7
1-0

[Event "XLVI Festival A"]
[Site "Imperia ITA"]
[Date "2004.09.06"]
[Round "2"]
[White "Arata, Roberto Mario"]
[Black "Taborska, Veronika"]
[WhiteElo "2151"]
[BlackElo "2089"]
[Result "1-0"]
[PlyCount "77"]
[EventDate "2004.09.05"]

1. d4 d5 2. c4 e6 3. Nc3 c6 4. Nf3 Nf6 5. Qb3 Qb6 6. e3 Qxb3 7. axb3 Bb4 8. Bd3
Ne4 9. Bxe4 dxe4 10. Nd2 f5 11. O-O Bd6 12. f3 exf3 13. Rxf3 e5 14. c5 e4 15.
Rf1 Be7 16. Nc4 Na6 17. Bd2 O-O 18. Be1 Bg5 19. Ne2 Nc7 20. h4 Bh6 21. Bg3 Nd5
22. Nf4 Bd7 23. Ne5 Rfd8 24. Nxd5 cxd5 25. Bf4 Bb5 26. Rf2 Bxf4 27. Rxf4 g6 28.
Kf2 Kg7 29. g4 Rf8 30. gxf5 gxf5 31. Rg1+ Kf6 32. Rg5 Ke6 33. Rg7 Ba6 34. Rxh7
Rh8 35. Rd7 Rh5 36. Rd6+ Ke7 37. Rxd5 Rg8 38. Rd6 Rh7 39. Rd7+ 1-0

[Event "XLVI Festival A"]
[Site "Imperia ITA"]
[Date "2004.09.06"]
[Round "2"]
[White "Astengo, Marcello"]
[Black "Spinelli, Doriano"]
[WhiteElo "2056"]
[BlackElo "2144"]
[Result "0-1"]
[PlyCount "54"]
[EventDate "2004.09.05"]

1. d4 d5 2. c4 e6 3. Nc3 Be7 4. e4 dxe4 5. Nxe4 Nf6 6. Nc3 O-O 7. Nf3 c6 8. Be2
a6 9. O-O b5 10. Bf4 bxc4 11. Bxc4 Bb7 12. Qb3 Ra7 13. Bxe6 c5 14. Bxf7+ Kh8
15. Ng5 Nc6 16. d5 Nd4 17. Qc4 Nxd5 18. Nxd5 Bxg5 19. Bxg5 Nf3+ 20. Kh1 Nxg5
21. Qxc5 Rxf7 22. Qxa7 Bxd5 23. Qxa6 Bxg2+ 24. Kxg2 Qd5+ 25. f3 Rxf3 26. Rad1
Rd3+ 27. Kg1 Nh3# 0-1

[Event "XLVI Festival A"]
[Site "Imperia ITA"]
[Date "2004.09.06"]
[Round "2"]
[White "Di Paolo, Raffaele"]
[Black "Mozny, Milos"]
[WhiteElo "2321"]
[BlackElo "2376"]
[Result "1-0"]
[PlyCount "73"]
[EventDate "2004.09.05"]

1. e4 c5 2. Nf3 d6 3. d4 cxd4 4. Nxd4 Nf6 5. Nc3 a6 6. Bg5 e6 7. f4 h6 8. Bh4
Nbd7 9. Qf3 Qc7 10. O-O-O Be7 11. Bd3 g5 12. fxg5 Ne5 13. Qe2 Nfg4 14. h3 hxg5
15. Bg3 Nf6 16. Kb1 Nh5 17. Bh2 Nf4 18. Qf1 Nfg6 19. Bg1 b5 20. Be3 Bb7 21. Nf3
Nxf3 22. Qxf3 Ne5 23. Qf2 Bc6 24. Rhf1 Qb7 25. Bd4 f6 26. Rde1 Rh4 27. Qe2 b4
28. Nd1 Bb5 29. Nf2 Nxd3 30. cxd3 d5 31. g3 Rxe4 32. Qh5+ Kd7 33. dxe4 Bxf1 34.
Rxf1 Rd8 35. Rc1 dxe4 36. Qh7 a5 37. Bc5 1-0

[Event "XLVI Festival A"]
[Site "Imperia ITA"]
[Date "2004.09.06"]
[Round "2"]
[White "Fornaro, Alberto"]
[Black "Cirabisi, Federico"]
[WhiteElo "2002"]
[BlackElo "2106"]
[Result "0-1"]
[PlyCount "69"]
[EventDate "2004.09.05"]

1. e4 Nf6 2. e5 Nd5 3. d4 d6 4. Bc4 e6 5. Nf3 Nc6 6. O-O Nb6 7. Bb3 Na5 8. Qe2
Nxb3 9. axb3 Be7 10. Nc3 d5 11. Be3 Bd7 12. Rfd1 a6 13. Ne1 O-O 14. Nd3 f5 15.
f4 Kh8 16. Qd2 Rg8 17. Ne2 Bb5 18. Nc5 Bxe2 19. Qxe2 Bxc5 20. dxc5 Nd7 21. b4
c6 22. c4 Nf8 23. b5 g5 24. fxg5 Ng6 25. bxc6 bxc6 26. cxd5 cxd5 27. Rxa6 f4
28. Rxa8 Qxa8 29. Bf2 Rf8 30. Qg4 Rf5 31. Bd4 Qa4 32. Bc3 Qc4 33. Bd4 f3 34.
gxf3 Nf4 35. Bf2 0-1

[Event "XLVI Festival A"]
[Site "Imperia ITA"]
[Date "2004.09.06"]
[Round "2"]
[White "Gentile, Claudio"]
[Black "Cavatorta, Fosco"]
[WhiteElo "2137"]
[BlackElo "2057"]
[Result "1-0"]
[PlyCount "79"]
[EventDate "2004.09.05"]

1. e4 d6 2. d4 Nf6 3. Nc3 g6 4. f4 Bg7 5. Nf3 c5 6. Bb5+ Bd7 7. e5 Ng4 8. e6
fxe6 9. Ng5 Bxb5 10. Nxb5 Qa5+ 11. c3 Qxb5 12. Nxe6 Qd7 13. Qxg4 Bf6 14. d5 Na6
15. f5 Nc7 16. fxg6 Nxe6 17. dxe6 Qb5 18. gxh7 O-O-O 19. Qe4 d5 20. Qf5 d4 21.
a4 Qc4 22. cxd4 Rxd4 23. Be3 Re4 24. Kf2 Qc2+ 25. Kg1 Bd4 26. Bxd4 cxd4 27. Rf1
Re2 28. Qg5 Qxh7 29. Qc5+ Kb8 30. Qxd4 Rxe6 31. Qf4+ Rd6 32. Re1 Qg7 33. h3 Rf8
34. Qe5 Qxe5 35. Rxe5 Rd2 36. b3 Rff2 37. Rh2 Rb2 38. Rxe7 Rfd2 39. Re1 Rxb3
40. h4 1-0

[Event "XLVI Festival A"]
[Site "Imperia ITA"]
[Date "2004.09.06"]
[Round "2"]
[White "Giordani, Marco"]
[Black "Faraci, Antonino"]
[WhiteElo "2156"]
[BlackElo "2078"]
[Result "1/2-1/2"]
[PlyCount "75"]
[EventDate "2004.09.05"]

1. d4 Nf6 2. c4 g6 3. Nc3 Bg7 4. e4 d6 5. f3 O-O 6. Be3 c5 7. d5 a6 8. Qd2 Re8
9. Nge2 Nbd7 10. Ng3 Ne5 11. Be2 Rb8 12. Bg5 Qa5 13. f4 Ned7 14. O-O b5 15.
cxb5 axb5 16. Rae1 b4 17. Nd1 Bb7 18. Ne3 Ba6 19. Nc4 Bxc4 20. Bxc4 Nb6 21. Be2
Qxa2 22. Ra1 Qb3 23. Rf3 Nc4 24. Qe1 Qxb2 25. Rd1 Na3 26. e5 Nd7 27. e6 fxe6
28. dxe6 Nf8 29. f5 Nc2 30. Qf1 Nd4 31. Rf2 Nxe2+ 32. Rxe2 Qb3 33. Re3 Qc2 34.
Re2 Qb3 35. Re3 Qc2 36. Rc1 Qb2 37. fxg6 Nxg6 38. Rb1 1/2-1/2

[Event "XLVI Festival A"]
[Site "Imperia ITA"]
[Date "2004.09.06"]
[Round "2"]
[White "Jurek, Josef"]
[Black "Unterfrauner, Albert"]
[WhiteElo "2387"]
[BlackElo "2167"]
[Result "1-0"]
[PlyCount "63"]
[EventDate "2004.09.05"]

1. Nf3 c5 2. c4 Nf6 3. g3 Nc6 4. Bg2 d5 5. cxd5 Nxd5 6. Nc3 Nc7 7. a3 e5 8. b4
f6 9. bxc5 Bxc5 10. Bb2 Be6 11. Na4 Be7 12. Qc2 Na6 13. O-O Rc8 14. Qb1 O-O 15.
d3 Qd7 16. Nd2 Na5 17. Qd1 Rc7 18. Nc3 Nc5 19. Rb1 Rfc8 20. Ba1 b6 21. Nb5 Bb3
22. Nxb3 Qxb5 23. Nd4 Qe8 24. Nb5 Rd7 25. Bh3 Rcd8 26. Bxd7 Qxd7 27. d4 Qe6 28.
Qc2 Ncb3 29. Rfd1 Rc8 30. Qe4 Qd7 31. dxe5 Qxb5 32. exf6 1-0

[Event "XLVI Festival A"]
[Site "Imperia ITA"]
[Date "2004.09.06"]
[Round "2"]
[White "Korneev, Oleg"]
[Black "Taborsky, Rostislav"]
[WhiteElo "2587"]
[BlackElo "2278"]
[Result "0-1"]
[PlyCount "114"]
[EventDate "2004.09.05"]

1. e4 c6 2. c4 d5 3. exd5 cxd5 4. cxd5 Nf6 5. Nc3 Nxd5 6. Nf3 Nc6 7. d4 Bg4 8.
Qb3 Bxf3 9. gxf3 e6 10. Qxb7 Nxd4 11. Bb5+ Nxb5 12. Qc6+ Ke7 13. Qxb5 Qd7 14.
Nxd5+ Qxd5 15. Bg5+ f6 16. Qxd5 exd5 17. Be3 Ke6 18. O-O-O Bb4 19. Kb1 Rhc8 20.
Rd3 Bc5 21. Re1 Bxe3 22. Rdxe3+ Kf5 23. Rd3 Rc5 24. Re7 g5 25. Rxh7 a5 26. h4
Kg6 27. Re7 gxh4 28. Rd4 Rh8 29. Re1 h3 30. Rh1 Kf5 31. b3 h2 32. Kb2 Ke5 33.
Rg4 d4 34. Re4+ Kd5 35. Rg4 Ke5 36. Re4+ Kd5 37. Rf4 Rh6 38. a3 Ke5 39. Re4+
Kd5 40. Rf4 Rc7 41. Rf5+ Kd6 42. Rf4 Ke5 43. Re4+ Kd5 44. b4 a4 45. Ree1 Rc3
46. Re8 Rb3+ 47. Ka2 Rxf3 48. Rd8+ Kc4 49. Rc8+ Kd3 50. b5 Rxf2+ 51. Ka1 Rg6
52. b6 Rg1+ 53. Rc1 Rxc1+ 54. Rxc1 Rg2 55. b7 Rg1 56. Kb2 Rxc1 57. b8=Q Rc2+
0-1

[Event "XLVI Festival A"]
[Site "Imperia ITA"]
[Date "2004.09.06"]
[Round "2"]
[White "Maier, Christian"]
[Black "Cugini, Verter"]
[WhiteElo "2356"]
[BlackElo "2219"]
[Result "1-0"]
[PlyCount "143"]
[EventDate "2004.09.05"]

1. e4 e6 2. d4 d5 3. Nc3 Nf6 4. exd5 exd5 5. Bg5 Be7 6. Bd3 Bg4 7. Nge2 Nc6 8.
Qd2 Bxe2 9. Bxe2 Ne4 10. Nxe4 dxe4 11. Be3 O-O 12. O-O-O Nb4 13. Kb1 Nd5 14. g4
Nxe3 15. Qxe3 Qd5 16. h4 Rfe8 17. c4 Qe6 18. g5 f5 19. c5 b6 20. Rc1 Kh8 21.
Bc4 Qd7 22. h5 Rad8 23. Rcd1 bxc5 24. h6 Bf8 25. dxc5 Qxd1+ 26. Rxd1 Rxd1+ 27.
Kc2 Red8 28. Qf4 R1d2+ 29. Kc3 c6 30. Qe5 R2d7 31. b4 Re7 32. Qf4 e3 33. fxe3
Rde8 34. Bd3 gxh6 35. gxh6 Re6 36. Qxf5 Rxh6 37. Kb3 Bg7 38. Ka4 Bf6 39. Qf4
Kg7 40. Qc7+ Re7 41. Qxc6 Rxe3 42. Qg2+ Kf8 43. Qa8+ Kg7 44. Qxa7+ Re7 45. Qa8
Rh2 46. Bc4 h5 47. Qg8+ Kh6 48. Qg3 Rh4 49. Qd3 Kg7 50. Qd5 Rg4 51. Kb5 Be5 52.
a4 Kh6 53. a5 Bb8 54. Bd3 Rgg7 55. a6 h4 56. Qf5 Ref7 57. Qe6+ Kg5 58. Be2 Bg3
59. Ka5 Re7 60. Qg4+ Kf6 61. Qd4+ Kg5 62. Bf3 Rgf7 63. Qg4+ Kh6 64. Bb7 Rg7 65.
Qc8 Re1 66. Kb5 Ra1 67. Qh8+ Kg6 68. Be4+ Kf7 69. Bd5+ Kg6 70. Qe8+ Kg5 71.
Qd8+ Kg4 72. Qf6 1-0

[Event "XLVI Festival A"]
[Site "Imperia ITA"]
[Date "2004.09.06"]
[Round "2"]
[White "Malano, Francesco"]
[Black "Jandecka, Tomas"]
[WhiteElo "2068"]
[BlackElo "2150"]
[Result "0-1"]
[PlyCount "66"]
[EventDate "2004.09.05"]

1. c4 c5 2. Nc3 Nc6 3. g3 g6 4. Bg2 Bg7 5. e4 d6 6. d3 Nd4 7. Be3 Qa5 8. Bd2
Qd8 9. Rb1 Nf6 10. Nce2 Ng4 11. f3 Ne5 12. Nxd4 cxd4 13. Qc2 h5 14. h3 a5 15.
b3 h4 16. g4 f5 17. Bg5 fxe4 18. fxe4 Qb6 19. a3 Qc5 20. Bc1 Bd7 21. Ne2 O-O
22. Rf1 Rxf1+ 23. Kxf1 Rf8+ 24. Kg1 Qc8 25. Bg5 Bxg4 26. Nf4 Rxf4 27. Bxf4 Bxh3
28. Rf1 Qg4 29. Bxe5 Bxe5 30. Qf2 Bf4 31. Kh1 e5 32. Bf3 Qe6 33. Qxh4 Bxf1 0-1

[Event "XLVI Festival A"]
[Site "Imperia ITA"]
[Date "2004.09.06"]
[Round "2"]
[White "Musil, Vitezslav"]
[Black "Likavsky, Tomas"]
[WhiteElo "2113"]
[BlackElo "2482"]
[Result "0-1"]
[PlyCount "70"]
[EventDate "2004.09.05"]

1. e4 c5 2. Nf3 e6 3. d4 cxd4 4. Nxd4 a6 5. Nc3 b5 6. g3 Bb7 7. Bg2 Nf6 8. a3
Qc7 9. O-O d6 10. Re1 Be7 11. Bg5 O-O 12. a4 b4 13. Na2 Nbd7 14. c3 bxc3 15.
Nxc3 h6 16. Be3 Rfc8 17. Rc1 Qb8 18. f3 d5 19. exd5 Nxd5 20. Nxd5 Bxd5 21.
Rxc8+ Qxc8 22. Qd2 Qb7 23. Rc1 Bf6 24. f4 Nb6 25. a5 Bxg2 26. Qxg2 Nd5 27. Rd1
Rb8 28. Bc1 Rc8 29. Nf3 Qb3 30. Qf1 Rc2 31. Nd4 Bxd4+ 32. Rxd4 Ne3 33. Qe1 Rg2+
34. Kh1 Qb7 35. Qxe3 Re2+ 0-1

[Event "XLVI Festival A"]
[Site "Imperia ITA"]
[Date "2004.09.06"]
[Round "2"]
[White "Seigert, Frank"]
[Black "Geenen, Marc"]
[WhiteElo "2043"]
[BlackElo "2312"]
[Result "0-1"]
[PlyCount "91"]
[EventDate "2004.09.05"]

1. d4 d5 2. c4 Nc6 3. Nf3 Bg4 4. Nc3 e6 5. e3 Bb4 6. a3 Bxc3+ 7. bxc3 Nge7 8.
Be2 Na5 9. c5 O-O 10. O-O b6 11. Qa4 c6 12. cxb6 axb6 13. Qc2 Bf5 14. Bd3 Bxd3
15. Qxd3 Nc4 16. Ng5 Ng6 17. e4 Qe7 18. exd5 exd5 19. Nf3 Rfe8 20. a4 b5 21.
Bg5 f6 22. Rfe1 Qd7 23. Rxe8+ Qxe8 24. Re1 Qd7 25. axb5 fxg5 26. bxc6 Qxc6 27.
Nxg5 Re8 28. Rxe8+ Qxe8 29. g3 Qe1+ 30. Kg2 Qd2 31. Qxd2 Nxd2 32. Ne6 Ne4 33.
Kf3 Kf7 34. Nc7 Nxc3 35. Ke3 Ke7 36. f3 Kd7 37. Na6 Na4 38. h4 Kd6 39. g4 Nxh4
40. f4 Ng6 41. f5 Ne7 42. Nb4 Nc6 43. Nc2 h6 44. Kf4 Nc3 45. Ke3 Nb5 46. Kd3
0-1

[Event "XLVI Festival A"]
[Site "Imperia ITA"]
[Date "2004.09.06"]
[Round "2"]
[White "Simacek, Pavel"]
[Black "Raineri, Valerio"]
[WhiteElo "2439"]
[BlackElo "2197"]
[Result "1-0"]
[PlyCount "57"]
[EventDate "2004.09.05"]

1. e4 e5 2. f4 exf4 3. Bc4 Qh4+ 4. Kf1 d6 5. Nf3 Qh5 6. d4 g5 7. h4 Bh6 8. Kg1
Bg4 9. Be2 gxh4 10. Rxh4 Qg6 11. Nc3 Ne7 12. Rh2 Bd7 13. Bd3 Qg7 14. Nd5 Nxd5
15. exd5 Bg4 16. Qe1+ Kd7 17. Qh4 Bxf3 18. Qh3+ Bg4 19. Qxh6 Qxd4+ 20. Kf1 Na6
21. Rh4 f3 22. Bf5+ Ke8 23. Be3 fxg2+ 24. Kg1 Qxd5 25. Bxg4 Nc5 26. Qg7 Rf8 27.
Bh6 Nd7 28. Re1+ Kd8 29. Bg5+ 1-0

[Event "XLVI Festival A"]
[Site "Imperia ITA"]
[Date "2004.09.06"]
[Round "2"]
[White "Voloshin, Leonid"]
[Black "Pesout, Jan"]
[WhiteElo "2494"]
[BlackElo "2253"]
[Result "1-0"]
[PlyCount "67"]
[EventDate "2004.09.05"]

1. d4 Nf6 2. c4 c5 3. d5 e6 4. Nc3 exd5 5. cxd5 d6 6. e4 g6 7. Nf3 Bg7 8. Bd3
O-O 9. h3 Na6 10. O-O Nc7 11. Re1 a6 12. a4 Rb8 13. a5 b5 14. axb6 Rxb6 15. Nd2
Nb5 16. Nc4 Rb8 17. Bf4 Ne8 18. e5 Bb7 19. Bf1 Nxc3 20. bxc3 Ra8 21. Na5 Ra7
22. Nc6 Bxc6 23. dxc6 Qc7 24. exd6 Qxc6 25. Re7 Ra8 26. Rxa6 Rxa6 27. Bxa6 Bf6
28. Bc4 Nxd6 29. Qxd6 Qxd6 30. Bxd6 Bxe7 31. Bxe7 Re8 32. Bf6 Re1+ 33. Kh2 Re4
34. Bd5 1-0

[Event "XLVI Festival A"]
[Site "Imperia ITA"]
[Date "2004.09.07"]
[Round "3"]
[White "Biolek, Richard sr"]
[Black "Jurek, Josef"]
[WhiteElo "2451"]
[BlackElo "2387"]
[Result "1/2-1/2"]
[PlyCount "22"]
[EventDate "2004.09.05"]

1. c4 Nf6 2. Nf3 c6 3. Nc3 d5 4. d4 e6 5. e3 Nbd7 6. b3 Bb4 7. Bd2 O-O 8. Bd3
b6 9. cxd5 cxd5 10. O-O Bb7 11. Be2 Bd6 1/2-1/2

[Event "XLVI Festival A"]
[Site "Imperia ITA"]
[Date "2004.09.07"]
[Round "3"]
[White "Cavatorta, Fosco"]
[Black "Fornaro, Alberto"]
[WhiteElo "2057"]
[BlackElo "2002"]
[Result "1/2-1/2"]
[PlyCount "44"]
[EventDate "2004.09.05"]

1. e4 e6 2. d3 d5 3. Nd2 c5 4. Ngf3 Nc6 5. g3 Bd6 6. Bg2 Nge7 7. O-O O-O 8. Re1
f6 9. Nh4 Qc7 10. f4 Bd7 11. c4 b5 12. b3 bxc4 13. bxc4 d4 14. Ndf3 Rab8 15.
Qe2 e5 16. fxe5 Nxe5 17. Nxe5 Bxe5 18. Rf1 Rb6 19. Nf5 Nxf5 20. exf5 Bc6 21. a4
Bxg2 22. Qxg2 Qb7 1/2-1/2

[Event "XLVI Festival A"]
[Site "Imperia ITA"]
[Date "2004.09.07"]
[Round "3"]
[White "Cugini, Verter"]
[Black "Biolek, Richard jr"]
[WhiteElo "2219"]
[BlackElo "2076"]
[Result "1/2-1/2"]
[PlyCount "54"]
[EventDate "2004.09.05"]

1. e4 e5 2. Nf3 Nc6 3. d4 exd4 4. Nxd4 Nf6 5. Nxc6 bxc6 6. e5 Qe7 7. Qe2 Nd5 8.
c4 Ba6 9. Nd2 O-O-O 10. Qe4 Nb6 11. c5 Bxf1 12. cxb6 Ba6 13. bxa7 Kb7 14. Nb3
Qb4+ 15. Qxb4+ Bxb4+ 16. Bd2 Bxd2+ 17. Kxd2 d6 18. exd6 cxd6 19. Rhe1 Rd7 20.
Re3 Kxa7 21. Rae1 Bc4 22. Nd4 Kb6 23. Ra3 c5 24. Nf5 g6 25. Ne3 Be6 26. b3 d5
27. Rc1 Rhd8 1/2-1/2

[Event "XLVI Festival A"]
[Site "Imperia ITA"]
[Date "2004.09.07"]
[Round "3"]
[White "Faraci, Antonino"]
[Black "Barlocco, Carlo"]
[WhiteElo "2078"]
[BlackElo "2148"]
[Result "0-1"]
[PlyCount "88"]
[EventDate "2004.09.05"]

1. c4 c6 2. d4 d5 3. cxd5 cxd5 4. Nc3 Nf6 5. Bf4 Nc6 6. e3 e6 7. Bd3 Bd6 8. Bg5
Qa5 9. Qf3 Ne4 10. Bxe4 dxe4 11. Qh5 h6 12. f4 Rf8 13. Nge2 hxg5 14. fxg5 Be7
15. h4 g6 16. Qh7 e5 17. h5 Bf5 18. g4 exd4 19. gxf5 dxc3 20. Nxc3 O-O-O 21.
hxg6 fxg6 22. Qxg6 Qxf5 23. Qxf5+ Rxf5 24. Nxe4 Re5 25. Rh4 Bxg5 26. Nxg5 Rxg5
27. Rf4 Rg2 28. Rf2 Rxf2 29. Kxf2 Rd2+ 30. Kf3 Rxb2 31. Kf4 Rf2+ 32. Ke4 b5 33.
a3 Kb7 34. Kd5 Rd2+ 35. Kc5 a6 36. Rh1 Rc2+ 37. Kd5 Rc3 38. e4 Rxa3 39. e5 Re3
40. e6 Nd8 41. Rh7+ Kb6 42. e7 Nc6 43. Rh6 Re5+ 44. Kd6 Rxe7 0-1

[Event "XLVI Festival A"]
[Site "Imperia ITA"]
[Date "2004.09.07"]
[Round "3"]
[White "Geenen, Marc"]
[Black "Kalod, Radek"]
[WhiteElo "2312"]
[BlackElo "2461"]
[Result "1/2-1/2"]
[PlyCount "39"]
[EventDate "2004.09.05"]

1. e4 c5 2. Nf3 e6 3. d4 cxd4 4. Nxd4 a6 5. c4 Nf6 6. Nc3 Qc7 7. Qe2 d6 8. Be3
b6 9. g4 Bb7 10. Bg2 Nc6 11. g5 Nd7 12. Rc1 Rc8 13. b3 Qb8 14. h4 Be7 15. f4
Nxd4 16. Bxd4 e5 17. Be3 exf4 18. Bxf4 Ne5 19. Bh3 Rc7 20. O-O 1/2-1/2

[Event "XLVI Festival A"]
[Site "Imperia ITA"]
[Date "2004.09.07"]
[Round "3"]
[White "Jandecka, Tomas"]
[Black "Vrana, Frantisek"]
[WhiteElo "2150"]
[BlackElo "2275"]
[Result "0-1"]
[PlyCount "50"]
[EventDate "2004.09.05"]

1. e4 e5 2. Nf3 Nc6 3. Bc4 Nf6 4. d4 exd4 5. O-O Nxe4 6. Re1 d5 7. Bxd5 Qxd5 8.
Nc3 Qh5 9. Nxe4 Be6 10. Bg5 Bd6 11. Nxd6+ cxd6 12. Bf4 Qd5 13. c3 Rc8 14. c4
Qxc4 15. Bxd6 Rd8 16. Ba3 f6 17. Rc1 Qxa2 18. Rxc6 bxc6 19. Nxd4 Kf7 20. Qh5+
g6 21. Qc5 Rhe8 22. Nxc6 Rd7 23. Nxa7 Qd5 24. Nb5 Qxc5 25. Bxc5 Bc4 0-1

[Event "XLVI Festival A"]
[Site "Imperia ITA"]
[Date "2004.09.07"]
[Round "3"]
[White "Likavsky, Tomas"]
[Black "Poloch, Petr"]
[WhiteElo "2482"]
[BlackElo "2291"]
[Result "1-0"]
[PlyCount "75"]
[EventDate "2004.09.05"]

1. Nf3 g6 2. d4 Nf6 3. c4 Bg7 4. Nc3 O-O 5. e4 d6 6. Be2 c5 7. O-O cxd4 8. Nxd4
Nc6 9. Be3 Bd7 10. Nc2 Rc8 11. f3 Qc7 12. Qd2 Ne5 13. Na3 Qb8 14. Rac1 a6 15.
h3 Bc6 16. Rfd1 b6 17. Nd5 Bxd5 18. cxd5 b5 19. Nc2 Qb7 20. b3 Ned7 21. Qa5 Nb8
22. Nd4 Rxc1 23. Rxc1 Rc8 24. Rxc8+ Qxc8 25. a4 bxa4 26. Qxa4 Qc3 27. Kf2 Nfd7
28. Nc6 Nxc6 29. dxc6 Nb8 30. Bc4 Bd4 31. Bxd4 Qxd4+ 32. Kg3 Qb6 33. c7 Qxc7
34. Qe8+ Kg7 35. Qxf7+ Kh6 36. Qf8+ Kh5 37. f4 d5 38. Be2# 1-0

[Event "XLVI Festival A"]
[Site "Imperia ITA"]
[Date "2004.09.07"]
[Round "3"]
[White "Maksimenko, Andrei"]
[Black "Schacher, Gerd"]
[WhiteElo "2524"]
[BlackElo "2246"]
[Result "1-0"]
[PlyCount "55"]
[EventDate "2004.09.05"]

1. Nf3 c5 2. c4 Nf6 3. Nc3 a6 4. e4 d6 5. d4 cxd4 6. Nxd4 e6 7. Be2 Be7 8. O-O
Qc7 9. Be3 b6 10. Rc1 O-O 11. f4 Re8 12. Bf3 Bb7 13. f5 Bd8 14. fxe6 fxe6 15.
Bg4 Qd7 16. Bh3 Nc6 17. Nd5 Nxd4 18. Bxd4 Nxe4 19. Bg4 Bg5 20. Rc2 Qc8 21. Qf3
Nf6 22. Bxf6 Qc5+ 23. Kh1 Bxd5 24. cxd5 Qxc2 25. Bxe6+ Rxe6 26. dxe6 Rf8 27. e7
Bxf6 28. Qd5+ 1-0

[Event "XLVI Festival A"]
[Site "Imperia ITA"]
[Date "2004.09.07"]
[Round "3"]
[White "Musil, Vitezslav"]
[Black "Fossati, Remigio"]
[WhiteElo "2113"]
[BlackElo "2104"]
[Result "1/2-1/2"]
[PlyCount "52"]
[EventDate "2004.09.05"]

1. e4 c5 2. Nf3 e6 3. d4 cxd4 4. Nxd4 a6 5. Nc3 Qc7 6. g3 d6 7. Bg2 Nf6 8. O-O
Nc6 9. Re1 Be7 10. Nxc6 bxc6 11. e5 dxe5 12. Rxe5 O-O 13. Bf4 Qb7 14. Rb1 Nd5
15. Nxd5 exd5 16. Re1 Be6 17. Be5 Rfe8 18. Qf3 Rac8 19. h4 Bf8 20. a3 Qb6 21.
b4 a5 22. c3 c5 23. bxa5 Qxa5 24. Rb7 Qa6 25. Rbb1 Qxa3 26. Kh2 Qa4 1/2-1/2

[Event "XLVI Festival A"]
[Site "Imperia ITA"]
[Date "2004.09.07"]
[Round "3"]
[White "Pisk, Petr"]
[Black "Voloshin, Leonid"]
[WhiteElo "2344"]
[BlackElo "2494"]
[Result "0-1"]
[PlyCount "56"]
[EventDate "2004.09.05"]

1. e4 c5 2. Nf3 Nc6 3. Bb5 g6 4. O-O Bg7 5. c3 e5 6. d4 exd4 7. Bg5 Nge7 8. Re1
O-O 9. cxd4 cxd4 10. Na3 h6 11. Bh4 g5 12. Bg3 a6 13. Bd3 d5 14. exd5 Nxd5 15.
Nc4 Be6 16. a3 Nf4 17. Bxf4 gxf4 18. Rc1 Rc8 19. h3 b5 20. Ncd2 Na5 21. Rxc8
Qxc8 22. Qe2 Re8 23. Qe4 Bd7 24. Qxf4 Rxe1+ 25. Nxe1 Nc4 26. Ne4 Qe8 27. b3 Nb2
28. Kf1 f5 0-1